[Event "POL-chT U19 41st"]
[Site "Ustron"]
[Date "2010.07.07"]
[Round "2"]
[White "Mroziak, Maciej"]
[Black "Szumilas, Piotr"]
[Result "1/2-1/2"]
[WhiteElo "2068"]
[BlackElo "2197"]
[PlyCount "110"]
[EventDate "2010.07.06"]
[EventType "team-tourn"]
[EventRounds "9"]
[EventCountry "POL"]
[SourceTitle "EXT 2019"]
[Source "ChessBase"]
[SourceDate "2018.10.10"]
[SourceVersion "1"]
[SourceVersionDate "2018.10.10"]
[SourceQuality "1"]
[WhiteTeam "Gliwice Politechnika Slaska U19"]
[BlackTeam "Legnica Miedz U19"]
[WhiteTeamCountry "POL"]
[BlackTeamCountry "POL"]

1. e4 c5 2. c3 d5 3. exd5 Qxd5 4. d4 Nf6 5. Nf3 e6 6. Bd3 Be7 7. 0-0 0-0 8. Be3 cxd4 9. cxd4 b6 10. Nc3 Qd8 11. Rc1 Bb7 12. Bb1 Na6 13. Ne5 Nb4 14. f3 a6 15. Bf2 Nbd5 16. Ne4 Rc8 17. Qd3 g6 18. Rfd1 Nf4 19. Qf1 N6d5 20. Nd3 Qd7 21. Kh1 Rxc1 22. Rxc1 Rc8 23. Ne5 Rxc1 24. Qxc1 Qc7 25. Qxc7 Nxc7 26. Nc3 b5 27. a3 Nfd5 28. Ne4 Kf8 29. Nc5 Bc8 30. Bg3 Ke8 31. Be4 Bd6 32. Nc6 Bxg3 33. hxg3 f5 34. Bxd5 Nxd5 35. Na7 Bd7 36. Nxa6 Nb6 37. Nc5 Nc4 38. Nxd7 Kxd7 39. Nxb5 Nxb2 40. Nc3 Kc6 41. Kg1 Nc4 42. a4 Kb6 43. Kf2 Ka5 44. f4 Nb6 45. Ne2 Kxa4 46. Ng1 Kb4 47. Nf3 Nd7 48. Ng5 Nf8 49. Ke3 Kc3 50. Nf7 Nd7 51. Nd8 Nf8 52. Nb7 Nd7 53. Nc5 Nf8 54. Na4+ Kb4 55. Nc5 Kc3 1/2-1/2

[Event "POL-chT U19 41st"]
[Site "Ustron"]
[Date "2010.07.06"]
[Round "1"]
[White "Szumilas, Piotr"]
[Black "Krzyzanowski, Marcin"]
[Result "1/2-1/2"]
[WhiteElo "2197"]
[BlackElo "2377"]
[PlyCount "53"]
[EventDate "2010.07.06"]
[EventType "team-tourn"]
[EventRounds "9"]
[EventCountry "POL"]
[SourceTitle "EXT 2019"]
[Source "ChessBase"]
[SourceDate "2018.10.10"]
[SourceVersion "1"]
[SourceVersionDate "2018.10.10"]
[SourceQuality "1"]
[WhiteTeam "Legnica Miedz U19"]
[BlackTeam "Warszawa Polonia U19"]
[WhiteTeamCountry "POL"]
[BlackTeamCountry "POL"]

1. e4 c5 2. Nf3 d6 3. d4 cxd4 4. Nxd4 Nf6 5. Nc3 a6 6. Bc4 e6 7. Bb3 b5 8. Bg5 Be7 9. Qf3 Qc7 10. 0-0-0 0-0 11. e5 dxe5 12. Ndxb5 axb5 13. Qxa8 b4 14. Nb5 Qb6 15. Qa7 Qxb5 16. Qxe7 Nc6 17. a4 Qa5 18. Qd6 Bb7 19. Bxf6 gxf6 20. Qd3 Nd4 21. Kb1 Bc6 22. Qg3+ Kh8 23. Qh4 Kg7 24. Qg4+ Kh8 25. Qh4 Kg7 26. Qg4+ Kh8 27. Qh4 1/2-1/2